| 000 | 00546nam a2200169 i 4500 | ||
|---|---|---|---|
| 001 | 123107 | ||
| 003 | ES-MaACL | ||
| 005 | 20230906192119.0 | ||
| 007 | t| | ||
| 008 | 070214s1932 cl r ||||0| spa d | ||
| 245 | 0 | 0 |
_aProyecto de la Nueva Constitución Portuguesa / _ctraducción y estudio de Arthur Vieira. |
| 260 |
_aSantiago de Chile : _b[s. n.], _c1932 ( _fImp. Nascimento) |
||
| 300 |
_a43 p ; _c19 x 13 cm. |
||
| 651 | 4 |
_aPortugal- _xHistoria constitucional. _9157434 |
|
| 700 | 1 |
_aVieira, Arthur. _9114567 |
|
| 852 |
_aES-MaACL _j1781-F-1 |
||
| 999 |
_c123107 _d123107 |
||